[Event "11. Magistral República - Vicente Lopez"]
[Site "Villa Martelli ARG"]
[Date "2007.07.23"]
[Round "1.1"]
[White "Real de Azua, Ernesto"]
[Black "Prates, Fabiano Fortes"]
[Result "1/2-1/2"]
[WhiteElo "2435"]
[BlackElo "2309"]
[PlyCount "40"]
[EventDate "2007.07.24"]
[EventType "tourn"]
[EventRounds "9"]
[EventCountry "ARG"]
[EventCategory "3"]
[Source "lmi"]
[SourceDate "2007.07.23"]

1. e4 e6 2. d4 d5 3. Nd2 c5 4. exd5 Qxd5 5. Ngf3 cxd4 6. Bc4 Qd6 7. O-O Nf6 8.
Nb3 Nc6 9. Nbxd4 Nxd4 10. Nxd4 a6 11. c3 Qc7 12. Bb3 Bd6 13. h3 O-O 14. Bg5 Ne4
15. Be3 e5 16. Nf3 Bd7 17. Re1 Bc6 18. Bd5 Kh8 19. Bxc6 Qxc6 20. Qb3 Bc7
1/2-1/2

[Event "11. Magistral República - Vicente Lopez"]
[Site "Villa Martelli ARG"]
[Date "2007.07.23"]
[Round "1.2"]
[White "Born, Carlos"]
[Black "Lopez Gonzalez, Daniel"]
[Result "1-0"]
[WhiteElo "2202"]
[BlackElo "2184"]
[PlyCount "71"]
[EventDate "2007.07.24"]
[EventType "tourn"]
[EventRounds "9"]
[EventCountry "ARG"]
[EventCategory "3"]
[Source "lmi"]
[SourceDate "2007.07.23"]

1. b4 e5 2. Bb2 Bxb4 3. Bxe5 Nf6 4. Nf3 d5 5. e3 O-O 6. Be2 c5 7. O-O Nc6 8.
Bg3 Re8 9. c3 Ba5 10. d3 Ne7 11. h3 Bc7 12. Bxc7 Qxc7 13. Nbd2 b6 14. c4 dxc4
15. Nxc4 Bb7 16. Qb3 Nc6 17. Rfd1 Rad8 18. Rac1 Qe7 19. Qb2 h6 20. Rd2 Rd7 21.
Rcd1 Red8 22. Nfe5 Nxe5 23. Nxe5 Rc7 24. Bf1 Nd7 25. Nc4 Nf8 26. d4 cxd4 27.
exd4 Qg5 28. Ne3 Ne6 29. d5 Nf4 30. g3 Rcd7 31. h4 Qg6 32. Qe5 Nxd5 33. Nxd5
Qc6 34. Ne7+ Rxe7 35. Rxd8+ Kh7 36. Bd3+ 1-0

[Event "11. Magistral República - Vicente Lopez"]
[Site "Villa Martelli ARG"]
[Date "2007.07.23"]
[Round "1.3"]
[White "Diaz, Nahuel"]
[Black "Granara Barreto, Sebastian"]
[Result "1-0"]
[WhiteElo "2420"]
[BlackElo "2242"]
[PlyCount "127"]
[EventDate "2007.07.24"]
[EventType "tourn"]
[EventRounds "9"]
[EventCountry "ARG"]
[EventCategory "3"]
[Source "lmi"]
[SourceDate "2007.07.23"]

1. c4 Nf6 2. Nc3 c6 3. e4 d6 4. d4 Nbd7 5. g4 h6 6. h3 e5 7. Nge2 Be7 8. Bg2
Nf8 9. Qd3 Ng6 10. Bd2 a6 11. O-O-O b5 12. f4 Be6 13. d5 bxc4 14. Qxc4 cxd5 15.
exd5 Bd7 16. Kb1 Qb6 17. fxe5 Nxe5 18. Qd4 Rb8 19. Qxb6 Rxb6 20. Be3 Rxb2+ 21.
Kxb2 Nc4+ 22. Kc1 Nxe3 23. Rdg1 O-O 24. Kd2 Nc4+ 25. Kd3 Nb2+ 26. Kc2 Nc4 27.
Nd4 Rc8 28. Re1 Ne5 29. Nc6 Nxc6 30. dxc6 Be6 31. Rd1 d5 32. Nxd5 Rxc6+ 33. Kb2
Nxd5 34. Bxd5 Bf6+ 35. Ka3 Rc3+ 36. Kb4 a5+ 37. Kb5 Bd7+ 38. Kxa5 Ra3+ 39. Kb6
Ba4 40. Rb1 Bd4+ 41. Kb7 Bc2 42. Rb4 Bf6 43. Rc1 Bd3 44. Rc8+ Kh7 45. Ra8 Rc3
46. Rb3 Rxb3+ 47. axb3 Bf1 48. Rf8 Kg6 49. h4 Bxh4 50. Bxf7+ Kg5 51. Be6 Be2
52. Rf5+ Kg6 53. Rc5 Bf3+ 54. Kc8 Be4 55. Bf5+ Bxf5+ 56. Rxf5 Bg5 57. b4 h5 58.
Rxg5+ Kxg5 59. gxh5 Kxh5 60. b5 g5 61. b6 g4 62. b7 Kh4 63. b8=Q Kh3 64. Qb1
1-0

[Event "11. Magistral República - Vicente Lopez"]
[Site "Villa Martelli ARG"]
[Date "2007.07.24"]
[Round "2.1"]
[White "Prates, Fabiano Fortes"]
[Black "Lujan, Carolina"]
[Result "1-0"]
[WhiteElo "2309"]
[BlackElo "2394"]
[PlyCount "87"]
[EventDate "2007.07.24"]
[EventType "tourn"]
[EventRounds "9"]
[EventCountry "ARG"]
[EventCategory "3"]
[Source "lmi"]
[SourceDate "2007.07.23"]

1. e4 c5 2. Nf3 Nc6 3. d3 e6 4. g3 d5 5. Qe2 Nf6 6. Bg2 Be7 7. O-O O-O 8. Re1
b5 9. a4 b4 10. Nbd2 Qc7 11. b3 Ba6 12. Bb2 Rac8 13. Bf1 Rfe8 14. Rad1 h6 15.
h4 Red8 16. e5 Nd7 17. Qe3 Na5 18. Qf4 Rf8 19. Qg4 Nc6 20. Bh3 Nd8 21. Nf1 Bb7
22. Ne3 f5 23. exf6 Bxf6 24. d4 c4 25. Ng2 cxb3 26. cxb3 Qc2 27. Bc1 Rc3 28.
Nf4 e5 29. Nxe5 Nxe5 30. dxe5 Be7 31. Be3 Bc8 32. e6 Bf6 33. Rxd5 Qxb3 34. Bd4
Nxe6 35. Rxe6 Bxd4 36. Rxd4 Rc1+ 37. Kh2 Qb2 38. Nd3 Rxf2+ 39. Nxf2 Qxf2+ 40.
Bg2 Bxe6 41. Qxe6+ Kh7 42. Qe4+ Kg8 43. Rd8+ Kf7 44. Qe8+ 1-0

[Event "11. Magistral República - Vicente Lopez"]
[Site "Villa Martelli ARG"]
[Date "2007.07.24"]
[Round "2.4"]
[White "Lopez Gonzalez, Daniel"]
[Black "Diaz, Nahuel"]
[Result "1/2-1/2"]
[WhiteElo "2184"]
[BlackElo "2420"]
[PlyCount "29"]
[EventDate "2007.07.24"]
[EventType "tourn"]
[EventRounds "9"]
[EventCountry "ARG"]
[EventCategory "3"]
[Source "lmi"]
[SourceDate "2007.07.23"]

1. d4 g6 2. c4 Bg7 3. e4 d6 4. Nc3 Nc6 5. Be3 e5 6. Nge2 f5 7. exf5 gxf5 8.
dxe5 dxe5 9. Qxd8+ Nxd8 10. f4 Ne6 11. g3 Nf6 12. Bh3 exf4 13. Nxf4 Ng4 14.
Bxg4 fxg4 15. Nh5 1/2-1/2

[Event "11. Magistral República - Vicente Lopez"]
[Site "Villa Martelli ARG"]
[Date "2007.07.24"]
[Round "2.5"]
[White "Real de Azua, Ernesto"]
[Black "Born, Carlos"]
[Result "1-0"]
[WhiteElo "2435"]
[BlackElo "2202"]
[PlyCount "45"]
[EventDate "2007.07.24"]
[EventType "tourn"]
[EventRounds "9"]
[EventCountry "ARG"]
[EventCategory "3"]
[Source "lmi"]
[SourceDate "2007.07.23"]

1. e4 a6 2. d4 b5 3. Nf3 Bb7 4. Bd3 g6 5. O-O Bg7 6. c3 Nf6 7. Qe2 Qc8 8. a4
bxa4 9. Rxa4 O-O 10. Nbd2 Re8 11. Nb3 e5 12. dxe5 Ng4 13. Na5 Nxe5 14. Nxe5
Bxe5 15. Be3 Bg7 16. Rfa1 d6 17. Qc2 c5 18. Nxb7 Qxb7 19. Bc4 Rc8 20. R1a2 Rc7
21. Qd3 Qb6 22. Qd5 Raa7 23. Rb4 1-0

[Event "11. Magistral República - Vicente Lopez"]
[Site "Villa Martelli ARG"]
[Date "2007.07.25"]
[Round "3.1"]
[White "Born, Carlos"]
[Black "Prates, Fabiano Fortes"]
[Result "1-0"]
[WhiteElo "2202"]
[BlackElo "2309"]
[PlyCount "73"]
[EventDate "2007.07.24"]
[EventType "tourn"]
[EventRounds "9"]
[EventCountry "ARG"]
[EventCategory "3"]
[Source "lmi"]
[SourceDate "2007.07.23"]

1. d4 Nf6 2. c4 c5 3. Nf3 cxd4 4. Nxd4 e5 5. Nb5 d5 6. cxd5 Bc5 7. e3 O-O 8.
Bc4 Bf5 9. N5c3 Nbd7 10. a3 Rc8 11. Nd2 e4 12. Be2 Ne5 13. h3 h6 14. g4 Bh7 15.
h4 Nd3+ 16. Bxd3 exd3 17. Qf3 Nd7 18. g5 h5 19. Qxh5 Ne5 20. f4 Bg6 21. Qd1
Bxe3 22. fxe5 Rxc3 23. bxc3 Qxd5 24. Rh3 Qxe5 25. Nf3 d2+ 26. Bxd2 Bxd2+ 27.
Kxd2 Qf5 28. h5 Qf4+ 29. Ke2 Bf5 30. Rh4 Qg3 31. Kf1 Re8 32. Rh2 Re3 33. Qd8+
Kh7 34. g6+ fxg6 35. hxg6+ Kxg6 36. Rg2 Rxf3+ 37. Kg1 1-0

[Event "11. Magistral República - Vicente Lopez"]
[Site "Villa Martelli ARG"]
[Date "2007.07.25"]
[Round "3.4"]
[White "Iermito, Sebastian"]
[Black "Granara Barreto, Sebastian"]
[Result "1/2-1/2"]
[WhiteElo "2319"]
[BlackElo "2242"]
[PlyCount "53"]
[EventDate "2007.07.24"]
[EventType "tourn"]
[EventRounds "9"]
[EventCountry "ARG"]
[EventCategory "3"]
[Source "lmi"]
[SourceDate "2007.07.23"]

1. d4 d5 2. c4 c6 3. cxd5 cxd5 4. Bf4 Nc6 5. e3 Nf6 6. Bd3 Qb6 7. Nc3 a6 8. Qd2
e6 9. h3 Bd7 10. Nf3 Bb4 11. O-O O-O 12. Rfc1 Rac8 13. Ne5 Nxe5 14. Bxe5 Ne4
15. Bxe4 dxe4 16. Qe2 f6 17. Bg3 Bxc3 18. bxc3 Qa5 19. c4 Bc6 20. Qb2 Qf5 21.
a4 Rcd8 22. a5 Rd7 23. Qa2 g5 24. Qd2 Qg6 25. Rd1 f5 26. Be5 h5 27. Qa2 1/2-1/2

[Event "11. Magistral República - Vicente Lopez"]
[Site "Villa Martelli ARG"]
[Date "2007.07.26"]
[Round "4.2"]
[White "Granara Barreto, Sebastian"]
[Black "Lujan, Carolina"]
[Result "0-1"]
[WhiteElo "2242"]
[BlackElo "2394"]
[PlyCount "146"]
[EventDate "2007.07.24"]
[EventType "tourn"]
[EventRounds "9"]
[EventCountry "ARG"]
[EventCategory "3"]
[Source "lmi"]
[SourceDate "2007.07.23"]

1. c4 Nf6 2. Nc3 d5 3. cxd5 Nxd5 4. g3 g6 5. Bg2 Nb6 6. Nf3 Bg7 7. O-O Nc6 8.
d3 O-O 9. Be3 h6 10. Qd2 Kh7 11. a3 e5 12. Rac1 Nd4 13. Bxd4 exd4 14. Ne4 Nd5
15. Nc5 b6 16. Nb3 c5 17. e3 dxe3 18. fxe3 Be6 19. d4 Nf6 20. Na1 Rc8 21. Nc2
Bc4 22. Rfd1 Ne4 23. Qe1 Qe7 24. Nd2 Bd5 25. Nxe4 Bxe4 26. Bxe4 Qxe4 27. Qf2
Rc7 28. Ne1 Re8 29. Rd3 Rd7 30. Rcd1 cxd4 31. exd4 Rxd4 32. Rxd4 Bxd4 33. Qxd4
Qxd4+ 34. Rxd4 Rxe1+ 35. Kf2 Re7 36. h4 Kg7 37. Rd6 Rc7 38. Rd2 Kf6 39. Kf3 h5
40. Kf4 Rc4+ 41. Kf3 Rc6 42. Kf4 Ke6 43. Re2+ Kd7 44. Rd2+ Rd6 45. Rc2 Rf6+ 46.
Ke4 Re6+ 47. Kf4 f6 48. Kf3 Kd6 49. Rd2+ Kc6 50. Rc2+ Kd7 51. Kf4 Rc6 52. Rd2+
Rd6 53. Rc2 Rd4+ 54. Ke3 Rd5 55. Kf3 Kd6 56. Ke3 Ke5 57. Rc7 Rb5 58. b4 a5 59.
Rc4 g5 60. hxg5 fxg5 61. Re4+ Kf5 62. Rc4 g4 63. Rf4+ Kg5 64. Rd4 Rf5 65. bxa5
bxa5 66. Ke2 h4 67. gxh4+ Kxh4 68. a4 Kh3 69. Re4 g3 70. Re8 Kh2 71. Rh8+ Kg1
72. Rh4 g2 73. Rg4 Kh2 0-1

[Event "11. Magistral República - Vicente Lopez"]
[Site "Villa Martelli ARG"]
[Date "2007.07.26"]
[Round "4.3"]
[White "Lopez Gonzalez, Daniel"]
[Black "Iermito, Sebastian"]
[Result "0-1"]
[WhiteElo "2184"]
[BlackElo "2319"]
[PlyCount "80"]
[EventDate "2007.07.24"]
[EventType "tourn"]
[EventRounds "9"]
[EventCountry "ARG"]
[EventCategory "3"]
[Source "lmi"]
[SourceDate "2007.07.23"]

1. d4 Nf6 2. c4 c5 3. d5 e6 4. Nc3 exd5 5. cxd5 d6 6. e4 g6 7. f4 Bg7 8. Bb5+
Nfd7 9. a4 O-O 10. Nf3 Na6 11. O-O Nc7 12. Be2 Re8 13. Nd2 b6 14. Nc4 Bd4+ 15.
Be3 Bxe3+ 16. Nxe3 Nf6 17. e5 dxe5 18. d6 Na6 19. fxe5 Rxe5 20. Nc4 Rf5 21. Qd2
Nb4 22. Bf3 Rb8 23. h3 Be6 24. Ne3 Re5 25. Ng4 Nxg4 26. hxg4 Kg7 27. Rad1 Qg5
28. Ne4 Qxd2 29. Rxd2 Rd8 30. Nc3 a6 31. Kh2 Bc4 32. Rc1 Bd3 33. Nd1 Rxd6 34.
Nf2 Rd4 35. Rcd1 c4 36. Be2 Re3 37. Bf1 b5 38. axb5 axb5 39. Ra1 Nc6 40. b3
Bxf1 0-1

[Event "11. Magistral República - Vicente Lopez"]
[Site "Villa Martelli ARG"]
[Date "2007.07.26"]
[Round "4.5"]
[White "Born, Carlos"]
[Black "Diaz, Nahuel"]
[Result "0-1"]
[WhiteElo "2202"]
[BlackElo "2420"]
[PlyCount "90"]
[EventDate "2007.07.24"]
[EventType "tourn"]
[EventRounds "9"]
[EventCountry "ARG"]
[EventCategory "3"]
[Source "lmi"]
[SourceDate "2007.07.23"]

1. e4 g6 2. g3 d5 3. exd5 Qxd5 4. Qf3 Qe6+ 5. Qe2 Nc6 6. Qxe6 Bxe6 7. c3 O-O-O
8. d4 Bd5 9. f3 f5 10. Bf4 h6 11. Na3 e5 12. dxe5 g5 13. Be3 Nxe5 14. Bd4 Bxa3
15. bxa3 Nf6 16. O-O-O Rhe8 17. h4 g4 18. Rh2 Bxf3 19. Be2 Bxe2 20. Nxe2 Nf3
21. Rg2 Ne4 22. h5 Rd7 23. Kc2 c5 24. Bf2 Rxd1 25. Kxd1 Rd8+ 26. Kc1 Rd3 27.
Nf4 Rxc3+ 28. Kb2 Ne5 29. Be1 Nc4+ 30. Kb1 Nxa3+ 31. Kb2 Nc4+ 32. Kb1 Re3 33.
Rg1 Kd7 34. Kc1 Ra3 35. Rg2 b5 36. Ng6 a5 37. Kb1 Re3 38. Rg1 Re2 39. Nf4 Na3+
40. Kc1 Rxa2 41. Nd3 c4 42. Ne5+ Kd6 43. Nf7+ Ke6 44. Nxh6 c3 45. Bxc3 Nxc3 0-1

[Event "11. Magistral República - Vicente Lopez"]
[Site "Villa Martelli ARG"]
[Date "2007.07.27"]
[Round "5.1"]
[White "Diaz, Nahuel"]
[Black "Prates, Fabiano Fortes"]
[Result "1-0"]
[WhiteElo "2420"]
[BlackElo "2309"]
[PlyCount "51"]
[EventDate "2007.07.24"]
[EventType "tourn"]
[EventRounds "9"]
[EventCountry "ARG"]
[EventCategory "3"]
[Source "lmi"]
[SourceDate "2007.07.23"]

1. Nf3 Nf6 2. c4 d6 3. Nc3 g6 4. g3 Bg7 5. Bg2 O-O 6. O-O e5 7. d3 c6 8. Rb1
Re8 9. b4 d5 10. Nd2 d4 11. Na4 Qc7 12. c5 Be6 13. Nc4 Nbd7 14. b5 cxb5 15.
Rxb5 Reb8 16. Nd6 a6 17. Rxb7 Rxb7 18. Nxb7 Ra7 19. Qc2 Nd5 20. Nd6 Bf8 21. Ne4
Nb4 22. Qd2 Nxa2 23. c6 Nb6 24. Nf6+ Kh8 25. Ba3 Be7 26. Qh6 1-0

[Event "11. Magistral República - Vicente Lopez"]
[Site "Villa Martelli ARG"]
[Date "2007.07.27"]
[Round "5.4"]
[White "Lujan, Carolina"]
[Black "Lopez Gonzalez, Daniel"]
[Result "1-0"]
[WhiteElo "2394"]
[BlackElo "2184"]
[PlyCount "101"]
[EventDate "2007.07.24"]
[EventType "tourn"]
[EventRounds "9"]
[EventCountry "ARG"]
[EventCategory "3"]
[Source "lmi"]
[SourceDate "2007.07.23"]

1. e4 c5 2. Nf3 e6 3. d3 Nc6 4. g3 g6 5. Bg2 Bg7 6. O-O d6 7. c3 e5 8. Be3 Nge7
9. a3 O-O 10. b4 b6 11. Nbd2 h6 12. b5 Na5 13. d4 a6 14. a4 axb5 15. axb5 Bd7
16. Qe2 Qc7 17. Rfb1 Rab8 18. dxe5 dxe5 19. Nc4 Nxc4 20. Qxc4 Be6 21. Qe2 f5
22. exf5 gxf5 23. Bf4 Ng6 24. Nxe5 Bxe5 25. Bxe5 Nxe5 26. Re1 Bc4 27. Qxe5 Qxe5
28. Rxe5 Bxb5 29. Bd5+ Kh8 30. Re6 Rfe8 31. Rxh6+ Kg7 32. Rd6 Re7 33. c4 Be8
34. Ra6 b5 35. cxb5 Rxb5 36. Bc6 Rb1+ 37. Kg2 Bf7 38. Bd5 Be8 39. Bf3 c4 40.
Ra5 c3 41. Rc5 Bb5 42. Bd5 Bf1+ 43. Kf3 Rc1 44. Rdc6 Rd7 45. Be6 Rd3+ 46. Kf4
Rc2 47. Bxf5 Rxf2+ 48. Kg5 Rdd2 49. Rc7+ Kf8 50. Rc8+ Ke7 51. R5c7+ 1-0

[Event "11. Magistral República - Vicente Lopez"]
[Site "Villa Martelli ARG"]
[Date "2007.07.29"]
[Round "6.1"]
[White "Prates, Fabiano Fortes"]
[Black "Granara Barreto, Sebastian"]
[Result "1-0"]
[WhiteElo "2309"]
[BlackElo "2242"]
[PlyCount "169"]
[EventDate "2007.07.24"]
[EventType "tourn"]
[EventRounds "9"]
[EventCountry "ARG"]
[EventCategory "3"]
[Source "lmi"]
[SourceDate "2007.07.23"]

1. e4 e5 2. Nf3 Nf6 3. Nxe5 d6 4. Nf3 Nxe4 5. Nc3 Nxc3 6. dxc3 Be7 7. Bf4 Nd7
8. Qd2 Nc5 9. O-O-O O-O 10. Kb1 c6 11. Nd4 d5 12. f3 Ne6 13. Be3 Nxd4 14. cxd4
Be6 15. Bd3 a5 16. h4 Qd7 17. g4 b5 18. Rdg1 c5 19. dxc5 d4 20. Bxd4 Qd5 21. c4
Qxf3 22. Qc2 Bxc4 23. Bxh7+ Kh8 24. Be4 Qf4 25. Bxa8 Qxd4 26. Be4 Qxc5 27. g5
Rd8 28. Rd1 Rc8 29. Qd2 Bxa2+ 30. Ka1 Bc4 31. Rc1 Rd8 32. Qc3 Qd4 33. Qf3 Ba3
34. Qxa3 Qxe4 35. Rhe1 Qa8 36. Rcd1 Rc8 37. h5 b4 38. Qe3 b3 39. Qe4 Qxe4 40.
Rxe4 Be6 41. g6 Bf5 42. Rc4 Rf8 43. Rf4 Be6 44. Rdf1 f6 45. Re1 Bg8 46. Rfe4
Bd5 47. Rd4 Bc6 48. Rc4 Bf3 49. Rc3 Bd5 50. Rc5 Bf3 51. Re3 Bd1 52. Rec3 Kg8
53. Kb1 f5 54. Rc8 Bxh5 55. Rxf8+ Kxf8 56. Rc6 Bf3 57. Rb6 a4 58. Kc1 Ke7 59.
Kd2 Kd7 60. Ke3 Kc7 61. Ra6 Bc6 62. Ra5 Kb6 63. Rxf5 a3 64. bxa3 b2 65. Rf1 Be8
66. Rb1 Bxg6 67. Rxb2+ Ka5 68. Rb4 Bf5 69. Kd4 g5 70. Kc4 Be6+ 71. Kc5 Bf5 72.
Rb8 Ka6 73. Kb4 Be4 74. a4 Ka7 75. Rf8 Ka6 76. Rf6+ Ka7 77. Ka5 Kb7 78. Rb6+
Ka7 79. Re6 Bf5 80. Re7+ Kb8 81. Kb6 Kc8 82. a5 Kd8 83. Rg7 Ke8 84. a6 Kf8 85.
Rb7 1-0

[Event "11. Magistral República - Vicente Lopez"]
[Site "Villa Martelli ARG"]
[Date "2007.07.29"]
[Round "6.3"]
[White "Real de Azua, Ernesto"]
[Black "Lujan, Carolina"]
[Result "1/2-1/2"]
[WhiteElo "2435"]
[BlackElo "2394"]
[PlyCount "31"]
[EventDate "2007.07.24"]
[EventType "tourn"]
[EventRounds "9"]
[EventCountry "ARG"]
[EventCategory "3"]
[Source "lmi"]
[SourceDate "2007.07.23"]

1. e4 c5 2. Nf3 Nc6 3. d4 cxd4 4. Nxd4 Nf6 5. Nc3 e5 6. Ndb5 d6 7. Bg5 a6 8.
Na3 b5 9. Bxf6 gxf6 10. Nd5 Bg7 11. Bd3 Ne7 12. Nxe7 Qxe7 13. O-O f5 14. f4 O-O
15. Qf3 Qb7 16. Qe2 1/2-1/2

[Event "11. Magistral República - Vicente Lopez"]
[Site "Villa Martelli ARG"]
[Date "2007.07.29"]
[Round "6.4"]
[White "Born, Carlos"]
[Black "Iermito, Sebastian"]
[Result "1/2-1/2"]
[WhiteElo "2202"]
[BlackElo "2319"]
[PlyCount "88"]
[EventDate "2007.07.24"]
[EventType "tourn"]
[EventRounds "9"]
[EventCountry "ARG"]
[EventCategory "3"]
[Source "lmi"]
[SourceDate "2007.07.23"]

1. b4 Nf6 2. Bb2 g6 3. Nf3 Bg7 4. e3 O-O 5. c4 d6 6. Be2 e5 7. d4 e4 8. Nfd2 h5
9. h3 h4 10. Nc3 Re8 11. Qb3 c6 12. a4 Qe7 13. a5 Bf5 14. Na4 Nbd7 15. c5 Be6
16. Bc4 d5 17. Be2 a6 18. O-O-O Nh7 19. Rdg1 Ng5 20. Nb6 Rad8 21. Nxd7 Rxd7 22.
Nb1 Rf8 23. Bc3 Bh6 24. Bd2 Nh7 25. Nc3 Kg7 26. Bf1 f5 27. Ne2 Ng5 28. Qd1 Bf7
29. Nf4 Kh7 30. Be2 Ne6 31. Nxe6 Bxe6 32. g3 Bg5 33. Rg2 Qf6 34. Rhg1 Rg7 35.
Kb2 Rfg8 36. Kc3 Bh6 37. Bc1 g5 38. gxh4 gxh4 39. Rxg7+ Rxg7 40. Rxg7+ Bxg7 41.
Qh1 f4 42. Qh2 f3 43. Bf1 Qg5 44. Bd2 Qf6 1/2-1/2

[Event "11. Magistral República - Vicente Lopez"]
[Site "Villa Martelli ARG"]
[Date "2007.07.30"]
[Round "7.2"]
[White "Iermito, Sebastian"]
[Black "Diaz, Nahuel"]
[Result "1-0"]
[WhiteElo "2319"]
[BlackElo "2420"]
[PlyCount "67"]
[EventDate "2007.07.24"]
[EventType "tourn"]
[EventRounds "9"]
[EventCountry "ARG"]
[EventCategory "3"]
[Source "lmi"]
[SourceDate "2007.07.23"]

1. e4 d6 2. d4 g6 3. Nc3 c6 4. Be3 Bg7 5. Qd2 b5 6. f3 Nd7 7. h4 h5 8. Nh3 Ngf6
9. Ng5 Qc7 10. Be2 b4 11. Nd1 c5 12. O-O cxd4 13. Bxd4 O-O 14. a3 bxa3 15. Rxa3
Nb6 16. Ne3 e5 17. Bc3 d5 18. exd5 Bb7 19. d6 Qc6 20. Bxe5 Ne4 21. Qa5 Bxe5 22.
Qxe5 Qxd6 23. Qxd6 Nxd6 24. Rd1 Nbc8 25. c4 Bc6 26. Ra6 Bb7 27. Raxd6 Nxd6 28.
Rxd6 a5 29. c5 Rac8 30. Bc4 Kg7 31. Bxf7 Rxf7 32. Nxf7 Rxc5 33. Nd8 Bc8 34. Rc6
1-0

[Event "11. Magistral República - Vicente Lopez"]
[Site "Villa Martelli ARG"]
[Date "2007.07.30"]
[Round "7.3"]
[White "Lujan, Carolina"]
[Black "Born, Carlos"]
[Result "1-0"]
[WhiteElo "2394"]
[BlackElo "2202"]
[PlyCount "65"]
[EventDate "2007.07.24"]
[EventType "tourn"]
[EventRounds "9"]
[EventCountry "ARG"]
[EventCategory "3"]
[Source "lmi"]
[SourceDate "2007.07.23"]

1. e4 Nf6 2. e5 Nd5 3. d4 d6 4. Nf3 Bg4 5. Be2 Nc6 6. c4 Nb6 7. exd6 exd6 8.
O-O Be7 9. b3 O-O 10. Nc3 Bf6 11. Be3 Re8 12. h3 Bh5 13. Rc1 h6 14. Qd2 Ne7 15.
g4 Bg6 16. h4 Nc6 17. g5 Be7 18. d5 Ne5 19. Nd4 c5 20. dxc6 Nxc6 21. f4 hxg5
22. hxg5 Qd7 23. Bf3 Bd8 24. Kg2 f6 25. f5 Nxd4 26. fxg6 Nxf3 27. Rxf3 fxg5 28.
Rh1 Qe6 29. Qd3 g4 30. Rf7 Bf6 31. Bd2 Rad8 32. Qg3 Qf5 33. Rh8+ 1-0

[Event "11. Magistral República - Vicente Lopez"]
[Site "Villa Martelli ARG"]
[Date "2007.08.01"]
[Round "8.1"]
[White "Prates, Fabiano Fortes"]
[Black "Lopez Gonzalez, Daniel"]
[Result "1-0"]
[WhiteElo "2309"]
[BlackElo "2184"]
[PlyCount "85"]
[EventDate "2007.07.24"]
[EventType "tourn"]
[EventRounds "9"]
[EventCountry "ARG"]
[EventCategory "3"]
[Source "lmi"]
[SourceDate "2007.07.23"]

1. e4 e6 2. d3 d5 3. Nd2 Nf6 4. Ngf3 Be7 5. c3 Nc6 6. Qc2 a5 7. Be2 O-O 8. Nf1
e5 9. Ng3 Re8 10. h3 h6 11. Nh2 Be6 12. O-O Nd7 13. f4 dxe4 14. f5 exd3 15.
Qxd3 e4 16. Qd1 Bc5+ 17. Kh1 Bxa2 18. Rxa2 Qh4 19. Nh5 Rad8 20. Rf4 Qe7 21. f6
Nxf6 22. Nxf6+ gxf6 23. Qe1 Qe6 24. Rg4+ Kf8 25. Bxh6+ Ke7 26. Ra1 f5 27. Rh4
Rg8 28. Bf4 Bb6 29. Rh6 Qb3 30. Qc1 Rd7 31. Nf1 Kd8 32. Ng3 Qd5 33. Qf1 Qb3 34.
Rb1 e3 35. Nxf5 Re8 36. Ng7 Rg8 37. Nh5 Rd2 38. Nf6 Rf8 39. Rh5 Qc2 40. Rd5+
Kc8 41. Bg4+ Kb8 42. Nd7+ Ka7 43. Rxd2 1-0

[Event "11. Magistral República - Vicente Lopez"]
[Site "Villa Martelli ARG"]
[Date "2007.08.01"]
[Round "8.2"]
[White "Real de Azua, Ernesto"]
[Black "Granara Barreto, Sebastian"]
[Result "1/2-1/2"]
[WhiteElo "2435"]
[BlackElo "2242"]
[PlyCount "43"]
[EventDate "2007.07.24"]
[EventType "tourn"]
[EventRounds "9"]
[EventCountry "ARG"]
[EventCategory "3"]
[Source "lmi"]
[SourceDate "2007.07.23"]

1. e4 e5 2. Nf3 Nf6 3. Nxe5 d6 4. Nf3 Nxe4 5. Nc3 Nxc3 6. dxc3 Be7 7. Be3 Nc6
8. Qd2 Bg4 9. Be2 Qd7 10. h3 Bh5 11. O-O-O O-O-O 12. Qd5 Bg6 13. Nd4 Nxd4 14.
Qxd4 c5 15. Qd5 Qc6 16. Bf3 Qxd5 17. Bxd5 Bf6 18. Rhe1 Rhe8 19. Bf4 Rxe1 20.
Rxe1 Kc7 21. a4 Rd7 22. Kd2 1/2-1/2

[Event "11. Magistral República - Vicente Lopez"]
[Site "Villa Martelli ARG"]
[Date "2007.08.01"]
[Round "8.4"]
[White "Diaz, Nahuel"]
[Black "Lujan, Carolina"]
[Result "1-0"]
[WhiteElo "2420"]
[BlackElo "2394"]
[PlyCount "83"]
[EventDate "2007.07.24"]
[EventType "tourn"]
[EventRounds "9"]
[EventCountry "ARG"]
[EventCategory "3"]
[Source "lmi"]
[SourceDate "2007.07.23"]

1. g3 d5 2. Bg2 Nf6 3. Nf3 g6 4. b3 Bg7 5. Bb2 O-O 6. O-O c5 7. c4 dxc4 8. bxc4
Nc6 9. d3 Nd4 10. Nxd4 cxd4 11. Nd2 e5 12. Ba3 Re8 13. Rb1 Rb8 14. Rb2 b6 15.
Qa4 Bb7 16. Bxb7 Rxb7 17. c5 Qc8 18. Nc4 Qh3 19. e4 b5 20. Qa6 bxc4 21. Qxb7
Ng4 22. f4 Nxh2 23. Rxh2 Qxg3+ 24. Rg2 Qe3+ 25. Rgf2 Qg3+ 26. Rg2 Qe3+ 27. Kh2
Qxd3 28. Qb5 Rf8 29. Re1 Qxa3 30. Qxc4 exf4 31. e5 f3 32. Rf2 d3 33. Re3 Qa5
34. Rexf3 Bxe5+ 35. Kg2 Qc7 36. Rxd3 Qe7 37. c6 Kg7 38. Rd7 Qg5+ 39. Kf1 Bf6
40. c7 Qa5 41. c8=Q Rxc8 42. Qxf7+ 1-0

[Event "11. Magistral República - Vicente Lopez"]
[Site "Villa Martelli ARG"]
[Date "2007.08.02"]
[Round "9.4"]
[White "Granara Barreto, Sebastian"]
[Black "Born, Carlos"]
[Result "1-0"]
[WhiteElo "2242"]
[BlackElo "2202"]
[PlyCount "133"]
[EventDate "2007.07.24"]
[EventType "tourn"]
[EventRounds "9"]
[EventCountry "ARG"]
[EventCategory "3"]
[Source "lmi"]
[SourceDate "2007.07.23"]

1. c4 Nf6 2. Nc3 c5 3. g3 g6 4. Bg2 Bg7 5. e4 Nc6 6. Nge2 e5 7. d3 O-O 8. O-O
d6 9. h3 Ne8 10. Be3 Nc7 11. Qd2 a6 12. f4 Nd4 13. Rf2 Rb8 14. Raf1 Nxe2+ 15.
Nxe2 exf4 16. Nxf4 b5 17. b3 Qe7 18. Ne2 Be6 19. Bh6 f5 20. Bxg7 Qxg7 21. exf5
Bxf5 22. g4 Be6 23. Nf4 Qd7 24. d4 bxc4 25. dxc5 dxc5 26. Qxd7 Bxd7 27. bxc4 g5
28. Nd5 Rxf2 29. Rxf2 Nxd5 30. Bxd5+ Kh8 31. Rf7 Rb1+ 32. Kg2 Rb2+ 33. Kg3 Ba4
34. h4 h6 35. Rf6 gxh4+ 36. Kxh4 Kg7 37. Rxa6 Rxa2 38. Ra5 Kf6 39. Bc6 Bb3 40.
Rxc5 Rh2+ 41. Kg3 Rd2 42. Bd5 Rd1 43. Rc7 Rg1+ 44. Kh4 Bd1 45. Rf7+ Ke5 46. Bf3
Bxf3 47. Rxf3 Rh1+ 48. Kg3 Rg1+ 49. Kh3 Rh1+ 50. Kg2 Rc1 51. Rf5+ Kd6 52. Rf6+
Ke7 53. Rc6 Rc3 54. c5 Kd7 55. Rd6+ Kc7 56. Rxh6 Rxc5 57. Kg3 Kd7 58. Rf6 Ke7
59. Rf4 Rc1 60. Kh4 Rc8 61. Kh5 Rh8+ 62. Kg6 Rg8+ 63. Kh7 Rg5 64. Kh6 Rc5 65.
g5 Rc6+ 66. g6 Ke6 67. g7 1-0

[Event "11. Magistral República - Vicente Lopez"]
[Site "Villa Martelli ARG"]
[Date "2007.08.02"]
[Round "9.5"]
[White "Lopez Gonzalez, Daniel"]
[Black "Real de Azua, Ernesto"]
[Result "1/2-1/2"]
[WhiteElo "2184"]
[BlackElo "2435"]
[PlyCount "24"]
[EventDate "2007.07.24"]
[EventType "tourn"]
[EventRounds "9"]
[EventCountry "ARG"]
[EventCategory "3"]
[Source "lmi"]
[SourceDate "2007.07.23"]

1. d4 d5 2. c4 c6 3. Nf3 Nf6 4. e3 a6 5. Bd3 Bg4 6. Nbd2 e6 7. O-O Nbd7 8. b3
Bd6 9. Bb2 O-O 10. Qc2 Qb8 11. h3 Bh5 12. Ng5 Bg6 1/2-1/2